Statistics for Fairly General Knowledge #3

Click here to take the quiz!

General Stats

  • This quiz has been taken 119 times
  • The average score is 12 of 23

Answer Stats

HintAnswer% Correct
What country gave the Statue of Liberty to the USA?France
96%
This supposedly fell off a tree and landed on Sir Isaac Newton's head?Apple
90%
Complete the following title: The Lion, the Witch and the ...Wardrobe
79%
Butch Cassidy & ...The Sundance Kid
77%
How many squares does a chessboard contain?64
72%
The Greek goddess of victory and name of a well-known brandNike
69%
Who was the last president of the Soviet Union?Mikhail Gorbachev
68%
What TV character said 'Live Long and Prosper'?Mr. Spock
67%
Churchill, Panzer and Sherman are types of what?Tanks
63%
What scale of 0 to 14 is used to measure acidity and alkalinity?pH scale
56%
What was tested at the Bikini Atoll in the 1940s and 1950s?Atomic bombs
53%
What is the name of the African port city that translates as 'White House'Casablanca
53%
Dry air in our atmosphere consists for roughly 78% of what?Nitrogen
53%
With what movie is the song 'Mrs. Robinson' by Simon & Garfunkel associated?The Graduate
52%
In what city are the Spanish Stairs located?Rome
51%
If you serve the army as First Lieutenant and get promoted, what will your rank be?Captain
46%
The equation a^2 + b^2 = c^2 is named after who?Pythagoras
44%
What is the short term for 'binary digit'?Bit
32%
If you have Lafite-Rothschild on your dinner table, what are you having?Wine
31%
What country's internet code went from .YU to .ME?Montenegro
25%
If I were to fly to Lagos and travel to the East, what country would I encounter first?Cameroon
21%
Using interference, what is a 2D-image that can be displayed in three dimensions?Hologram
21%
What star, other than the sun, is located closest to our planet?Proxima Centauri
15%

Score Distribution

Percentile by Number Answered

Percent of People with Each Score

Your Score History

You have not taken this quiz